Statistics for Language names in the language

Click here to take the quiz!

General Stats

  • This quiz has been taken 673 times
    (668 since last reset)
  • The average score is 20 of 25

Answer Stats

Hint Answer % Correct
DeutschGerman
99%
NederlandsDutch
96%
EspañolSpanish
95%
DanskDanish
95%
ItalianaItalian
95%
PolskiPolish
94%
RusskiyRussian
94%
RomânăRomanian
92%
PortuguêsPortuguese
91%
SvenskaSwedish
91%
NorskNorwegian
90%
LatinaLatin
89%
MakedonskiMacedonian
87%
ÍslenskaIcelandic
87%
CatalàCatalan
87%
SlovenčinaSlovenian
85%
ByelaruskayaBelarusian
84%
Uskrayins'kaUkrainian
83%
BălgarskiBulgarian
78%
BosanskiBosnian
76%
HrvatskiCroatian
65%
FryskFrisian
40%
GalegoGalician
39%
EuskaraBasque
35%
PlattdüütschLow German
26%

Score Distribution

Percentile by Number Answered

Percent of People with Each Score

Your Score History

You have not taken this quiz since the last reset